MARC details
| 000 -LEADER |
| fixed length control field |
00939nam a2200241Ia 4500 |
| 003 - CONTROL NUMBER IDENTIFIER |
| control field |
IN-BaIIA |
| 008 - FIXED-LENGTH DATA ELEMENTS--GENERAL INFORMATION |
| fixed length control field |
211028s9999 xx 000 0 eng d |
| 020 ## - INTERNATIONAL STANDARD BOOK NUMBER |
| International Standard Book Number |
1-58381-053-6 |
| 040 ## - CATALOGING SOURCE |
| Transcribing agency |
IIA Library |
| 080 ## - UNIVERSAL DECIMAL CLASSIFICATION NUMBER |
| Universal Decimal Classification number |
082.2:52 |
| Item number |
ASP-221 |
| 110 ## - MAIN ENTRY--CORPORATE NAME |
| Corporate name or jurisdiction name as entry element |
Astronomical Society of the Pacific |
| 9 (RLIN) |
1154 |
| 111 ## - MAIN ENTRY--MEETING NAME |
| Meeting name or jurisdiction name as entry element |
2000 CTIO/ESO/LCO Joint Workshop |
| Location of meeting |
La Serena, Chile |
| Date of meeting or treaty signing |
2000 Mar. 15-18 |
| 9 (RLIN) |
24893 |
| 245 #0 - TITLE STATEMENT |
| Title |
Stars, gas and dust in galaxies |
| Remainder of title |
exploring the links; proceedings of the 2000 CTIO/ESO/LCO Joint Workshop held in La Serena, Chile, March 15-18, 2000 |
| Statement of responsibility, etc. |
edited by D. Alloin, Knut Olsen, and Gaspar Galaz |
| 260 ## - PUBLICATION, DISTRIBUTION, ETC. |
| Place of publication, distribution, etc. |
California |
| Name of publisher, distributor, etc. |
Astronomical Society of the Pacific |
| Date of publication, distribution, etc. |
2000 |
| 300 ## - PHYSICAL DESCRIPTION |
| Extent |
xvii, 308p. |
| 490 ## - SERIES STATEMENT |
| Series statement |
ASP conference series; v. 221 |
| 650 ## - SUBJECT ADDED ENTRY--TOPICAL TERM |
| Topical term or geographic name entry element |
galaxies |
| 9 (RLIN) |
1286 |
| 650 ## - SUBJECT ADDED ENTRY--TOPICAL TERM |
| Topical term or geographic name entry element |
star formation |
| 700 ## - ADDED ENTRY--PERSONAL NAME |
| Personal name |
Alloin, Danielle, ed. |
| 9 (RLIN) |
24894 |
| 700 ## - ADDED ENTRY--PERSONAL NAME |
| Personal name |
Galaz, Gaspar, ed. |
| 9 (RLIN) |
24895 |
| 700 ## - ADDED ENTRY--PERSONAL NAME |
| Personal name |
Olsen, Knut, ed. |
| 9 (RLIN) |
24896 |
| 942 ## - ADDED ENTRY ELEMENTS (KOHA) |
| Koha item type |
Books |